000 00428nam a22001817a 4500
005 20250718122657.0
008 250718b |||||||| |||| 00| 0 eng d
020 _a9780552156370
_qpbk
041 _aeng
082 _a823.914 COO
100 _aCooper Jilly
245 _aRivals
_c/ Jilly Copper
250 _a1st ed
260 _aBritain
_bCorgi
_c2007
300 _a715p. :
_c22cm
650 _aFiction
942 _cENGLISH
999 _c576152
_d576152